Bytový dom

Gespeichert in:
Bibliographische Detailangaben
1. Verfasser: Murárik Meravý, Martin (Verfasst von)
Weitere Verfasser: Jakeš, Erik (Betreuung Doktorarbeit)
Format: Manuskript Buch
Sprache:Slowakisch
Veröffentlicht: 2025
Schlagworte:
Online-Zugang:http://is.stuba.sk/zp/portal_zp.pl?podrobnosti=168127
CRZP
Tags: Tag hinzufügen
Keine Tags, Fügen Sie das erste Tag hinzu!

MARC

LEADER 00000ntm a22000003a 4500
001 stuzp105000
003 SK-STU
005 20250729110810.2
007 ta
008 150427s2015----xo-----f-mn---000-0-slo-d
040 |a STU  |b slo 
041 0 |a slo 
100 1 |a Murárik Meravý, Martin  |u 010180  |4 aut  |U SvF Stavebná fakulta  |T SvF Katedra konštrukcií pozemných stavieb  |X 115473  |U V180  |Y 18  |7 115473 
242 0 1 |a Residential building  |y eng 
245 1 0 |a Bytový dom 
260 |c 2025 
650 4 |a Bytové jednotky  |2 slo 
650 4 |a Polyfunkcia  |2 slo 
650 4 |a Bytový dom  |2 slo 
650 4 |a Mixed-use  |2 eng 
650 4 |a Residential units  |2 eng 
650 4 |a Apartment building  |2 eng 
700 1 |a Jakeš, Erik  |u 010180  |k Z1  |4 ths  |U SvF Stavebná fakulta  |T SvF Katedra konštrukcií pozemných stavieb  |X 2701  |U V180  |Y 18  |7 A000002701 
856 4 |u http://is.stuba.sk/zp/portal_zp.pl?podrobnosti=168127 
856 4 |u https://opac.crzp.sk/?fn=detailBiblioForm&sid=C9A1C75A261DD259FA87401E26A3  |z CRZP